Evasión y contrabando (Registro nro. 30958)

Detalles MARC
000 -CABECERA
Longitud fija campo de control 01035nam a2200241 a 4500
003 - • IDENTIFICADOR DELl NÚMERO DE CONTROL
Identificador del número de control CO-ViMGA
008 - • CÓDIGOS DE INFORMACIÓN DE LONGITUD FIJA
Códigos de información de longitud fija 141112s2004 ck r 000 u spa d
040 ## - FUENTE DE LA CATALOGACIÓN
Centro catalogador de origen CO-ViMGA
Lengua de catalogación spa
Centro transcriptor CO-ViMGA
082 04 - • NÚMERO DE LA CLASIFICACIÓN DECIMAL DEWEY
Número de clasificación (R) 364.133 C874e
100 1# - • PUNTO DE ACCESO PRINCIPAL-NOMBRE DE PERSONA
Nombre de persona Cusguen Olarte, Eduardo
245 10 - • TITULO PROPIAMENTE DICHO
Título Evasión y contrabando
250 ## - • MENCIÓN DE EDICIÓN
Mención de edición 3
300 ## - • DESCRIPCIÓN FÍSICA
Extensión 511
505 ## - • NOTA DE CONTENIDO CON FORMATO
Nota de contenido con formato Marco de la evasion y el contrabando 9 - 34 - - Algunas normas sobre evasion y contrabando 35 - 42 - - La elusion y la evacion en el impuesto de renta 45 - 68 - - Aspectos juridicos relevantes de la evasion y de la elusion 71 - 90 - - Las deficiencias en el procedimiento tributario 91 - 106
590 ## - NOTAS LOCALES
Nota local Forma de adquisición : Compra - - Precio : 55000 - - Proveedor : Dismet - - Fecha de adquisición : 2005
650 14 - • PUNTO DE ACCESO ADICIONAL DE MATERIA - TÉRMINO DE MATERIA
Término de materia o nombre geográfico como elemento inicial CONTRABANDO - COLOMBIA
650 14 - • PUNTO DE ACCESO ADICIONAL DE MATERIA - TÉRMINO DE MATERIA
Término de materia o nombre geográfico como elemento inicial EVACION DE IMPUESTOS - COLOMBIA
650 14 - • PUNTO DE ACCESO ADICIONAL DE MATERIA - TÉRMINO DE MATERIA
Término de materia o nombre geográfico como elemento inicial IMPUESTOS - COLOMBIA
650 14 - • PUNTO DE ACCESO ADICIONAL DE MATERIA - TÉRMINO DE MATERIA
Término de materia o nombre geográfico como elemento inicial Política FISCAL - COLOMBIA
942 ## - ENTRADA DE ELEMENTOS AGREGADOS (KOHA)
Fuente de clasificaión o esquema Dewey Decimal Classification
Koha [por defecto] tipo de item LIbro
Existencias
Perdido Fuente de clasificación o esquema Estado Físico No para préstamo Forma de adquisición Localización permanente Localización actual Fecha adquisición Serie de enumeración / cronolog&íacute;a Préstamos totales Signatura completa Código de barras Fecha última consulta Número de copia Fecha del precio de reemplazo Tipo de item de Koha
  Dewey Decimal Classification     Sala Especializada Tercer Piso Biblioteca Pública Germán Arciniegas - Villavicencio Biblioteca Pública Germán Arciniegas - Villavicencio 12/04/2015 Volumen. 1 | 11/jun/2009   364.133 C874e 22658 10/05/2022 Ej. 1 12/04/2015 LIbro









Instituto Departamental de Cultura del Meta - Red Departamental de Bibliotecas Públicas del Meta.